banner koha

Sinopse da família Cyperaceae em uma área do extremo sul do Rio Grande do Sul, Brasil (Registro n. 330329)

MARC details
000 -LÍDER
fixed length control field 02198nab a2200253 i 4500
003 - CÓDIGO MARC DA AGÊNCIA CATALOGADORA
Campo de controle BR-BrBNA
005 - DATA E HORA DA ÚLTIMA ATUALIZAÇÃO
Campo de controle 20250311131535.0
008 - CAMPO DE TAMANHO FIXO
fixed length control field 250311b2015 bl.qr|pooa||| 00| 0 por |
040 ## - FONTE DA CATALOGAÇÃO
Agência catalogadora BR-BrBNA
Idioma da catalogação por
072 ## - CATEGORIA AGRIS
Código AGRIS F70
100 ## - ENTRADA PRINCIPAL - NOME PESSOAL
Nome pessoal Soares, Amapola Corrêa
100 ## - ENTRADA PRINCIPAL - NOME PESSOAL
Nome pessoal Villar, Jozeane Lopes
100 ## - ENTRADA PRINCIPAL - NOME PESSOAL
Nome pessoal Hefler, Sonia Marisa
245 ## - TÍTULO PRINCIPAL
Título principal Sinopse da família Cyperaceae em uma área do extremo sul do Rio Grande do Sul, Brasil
500 ## - NOTA GERAL
Nota geral Publicação on-line; 24 ref.; 3 illus.; Summaries (En, Pt)
942 ## - ADDED ENTRY ELEMENTS (KOHA)
Koha item type Analítica
520 ## - NOTA DE RESUMO
Nota de conteúdo <br/>Resumo<br/><br/>Este trabalho foi baseado na análise de materiais de herbário, documentações bibliográficas e coletas, abrangendo <br/>todos os ambientes de uma área da planície litorânea do Sul do Rio Grande do Sul. Foram registrados<br/>39 táxons específicos e infra-específicos distribuídos em 14 gêneros. Destes, os mais representativos foram<br/>Cyperus L., com 11 táxons e Eleocharis R. Br, com 10. São fornecidas chaves para identificação de gêneros<br/>e espécies e comentários sobre aspectos morfológicos, habitat, distribuiçãoe fenologia.<br/><br/>Palavras-chave: monocotiledôneas, vegetação litorânea de restinga, Poales, diversidade<br/><br/><br/><br/><br/>Abstract<br/><br/>This work was based on analysis of herbarium materials, bibliographic documentation and collections, covering <br/>all environments from an area of the coastal plain of the southern Rio Grande do Sul. We recorded 39<br/>specific and infra-specific taxa distributed in 14 genera. Of these, the most representative were Cyperus L.<br/>with 11 taxa and Eleocharis R. Br., with 10.Keys are provided for identification of genera and species and<br/>comments on morphological aspects, habitat, distribution and phenology.<br/><br/>Key words: monocots, coastal salt marsh vegetation, Poales, diversity
650 ## - ASSUNTO - THESAGRO
Cabeçalho tópico ou nome geográfico MONOCOTILEDÔNEA
650 ## - ASSUNTO - THESAGRO
Cabeçalho tópico ou nome geográfico RESTINGA
650 ## - ASSUNTO - THESAGRO
Cabeçalho tópico ou nome geográfico BIODIVERSIDADE
773 0# - ENTRADA ANALÍTICA
Host Biblionumber 709
Registro do item 348914
Imprenta Rio de Janeiro-RJ Jardim Botanico do Rio de Janeiro 1935
Outro identificador 2025-1431
Título Rodriguésia (Brazil)
ISSN 0370-6583; 2175-7860 on-line
Colação v. 66(2) p. 441-453; (2015)
Número de controle de registro BR2024005033
856 ## - ACESSO E ENDEREÇO ELETRÔNICO
Identificador uniforme de recurso - URI https://www.scielo.br/j/rod/a/qqmyh5xTcTQyzSy4kzVH3mn/?format=pdf&lang=pt

Nenhum exemplar disponível.

BINAGRI

Telefone: (61)3218-2567/2388/3357/2097 - binagri@agro.gov.br

Ministério da Agricultura e Pecuária , Esplanada dos Ministérios, Bloco D, Anexo B, Brasília/DF, CEP: 70.043-900